Loading...
| Literature - American Literature | 0 | 8 | 1 | 0 | 75 | 18 | 55.75 | 2 | 5 |
| History - American History | 0 | 7 | 0 | 1 | 70 | 39 | 57.86 | 3 | 5 |
| Literature - European Literature | 0 | 7 | 2 | 1 | 60 | 34 | 74.29 | 2 | 5 |
| History - European History | 0 | 5 | 0 | 0 | 50 | 10 | 29.80 | 3 | 5 |
| Fine Arts - Other Fine Arts | 0 | 4 | 1 | 1 | 35 | 36 | 82.00 | 2 | 2 |
| Literature - World Literature | 0 | 4 | 1 | 0 | 35 | 62 | 74.25 | 1 | 2 |
| Literature - British Literature | 0 | 4 | 1 | 1 | 35 | 41 | 77.50 | 0 | 2 |
| Science - Biology | 0 | 3 | 0 | 1 | 30 | 64 | 79.00 | 0 | 1 |
| Science - Other Science | 0 | 3 | 0 | 0 | 30 | 46 | 61.67 | 0 | 1 |
| Religion | 0 | 3 | 1 | 0 | 25 | 55 | 75.00 | 1 | 3 |
| History - World History | 0 | 2 | 0 | 0 | 20 | 62 | 66.50 | 0 | 0 |
| Mythology | 0 | 2 | 0 | 0 | 20 | 74 | 99.00 | 0 | 0 |
| Painting/Sculpture | 0 | 2 | 0 | 1 | 20 | 95 | 105.50 | 0 | 0 |
| Philosophy | 0 | 2 | 0 | 0 | 20 | 62 | 66.00 | 0 | 0 |
| History - Other History | 0 | 2 | 1 | 0 | 15 | 11 | 40.50 | 1 | 2 |
| Fine Arts - Classical Music | 0 | 2 | 2 | 0 | 10 | 53 | 68.00 | 0 | 2 |
| Pop Culture | 0 | 1 | 0 | 0 | 10 | 57 | 57.00 | 0 | 0 |
| Science - Chemistry | 0 | 1 | 0 | 0 | 10 | 51 | 51.00 | 0 | 0 |
| Science - Physics | 0 | 1 | 0 | 1 | 10 | 105 | 105.00 | 0 | 0 |
| Social Science | 0 | 1 | 2 | 0 | 0 | 85 | 85.00 | 1 | 1 |